Normal view MARC view
  • Dumas Alexandre

Entry Personal Name

Number of records used in: 3

001 - CONTROL NUMBER

  • control field: 6777

003 - CONTROL NUMBER IDENTIFIER

  • control field: OSt

005 - DATE AND TIME OF LATEST TRANSACTION

  • control field: 20180706151147.0

008 - FIXED-LENGTH DATA ELEMENTS

  • fixed length control field: 180706|| aca||aabn | a|a d

040 ## - CATALOGING SOURCE

  • Original cataloging agency: OSt
  • Transcribing agency: OSt

100 ## - HEADING--PERSONAL NAME

  • Personal name: Dumas Alexandre

670 ## - SOURCE DATA FOUND

  • Source citation: Work cat.: (OSt): Dumas Alexandre, The 3 Musketeers, 2016

Powered by Koha